E Answers Quiz - Geography - Statistics

General Stats
  • This quiz has been taken 874 times
  • The average score is 19 of 25
Answer Stats
Hint Answer % Correct
Home to pharaohs and sphinxes Egypt
96%
Our planet Earth
95%
The garden where Adam and Eve lived Eden
95%
Part of the United Kingdom England
95%
Line at latitude zero Equator
94%
A Baltic state Estonia
94%
Capital city of Scotland Edinburgh
93%
Owns the Galapagos Islands Ecuador
92%
Continent containing Spain, Belarus, and Macedonia Europe
92%
Landlocked Horn of Africa country Ethiopia
89%
A cardinal direction East
88%
Central American country El Salvador
85%
Fourth largest of the American great lakes Erie
84%
Irish for Ireland Eire
83%
National animal of Thailand Elephant
81%
Capital is Asmara Eritrea
78%
One of the main rivers of Mesopotamia Euphrates
75%
Dark wood used on pianos Ebony
71%
One of the "Guineas" Equatorial Guinea
69%
Point where an earthquake originates Epicenter
59%
Most indebted city in Germany Essen
58%
English country to the immediate northeast of London Essex
57%
Cristo Rei de Dili statue is located here East Timor
30%
Canada's third largest island Ellesmere
26%
Government relating to Christian church, such as Vatican City's Ecclesiastical
8%
No matching quizzes found
Score Distribution
Percent of People with Each Score
Percentile by Number Answered
Your Score History
You have not taken this quiz